| 000 | nam a22 7a 4500 | ||
|---|---|---|---|
| 999 |
_c27895 _d27895 |
||
| 008 | 170211b xxu||||| |||| 00| 0 eng d | ||
| 020 | _a0669351431 | ||
| 050 | _aPN 187 .P53 1995 | ||
| 100 |
_aPlatt, Geoffrey. _d1995 |
||
| 245 |
_aA writer's journey/ _cGeoffrey Platt. |
||
| 250 | _a2nd ed. | ||
| 260 |
_aToronto: _bD.C. Heath and Company, _c1995. |
||
| 300 |
_axiv, 300, [65]p.: _bill.; _c24cm. |
||
| 521 | _aincludes index. | ||
| 650 |
_aEnglish language: _xRhetoric/ |
||
| 942 |
_2lcc _cBOOKS _hPN 187 .P53 1995 |
||